| 000 | 00497nmm a2200169Ia 4500 | ||
|---|---|---|---|
| 008 | 251105s9999||||xx |||||||||||||||||und|| | ||
| 020 | _a9788416272051 | ||
| 041 | _aspa | ||
| 100 | _aLiu Liu, Limei | ||
| 245 | 0 | _aPrimer curso de chino | |
| 264 |
_a[Madrid, España] : _bPrensas Universitarias de Zaragoza, _c2014 |
||
| 300 | _a80 páginas | ||
| 490 | _aTextos Docentes | ||
| 650 | _aOther Literatures and languages | ||
| 856 | _uhttps://public.digitaliapublishing.com/a/34560 | ||
| 942 | _cCF | ||
| 999 |
_c77450 _d77450 |
||